Normal view MARC view
  • Linguistic String Parser (Computer grammar)

Entry Topical Term

Number of records used in: 1

001 - CONTROL NUMBER

  • control field: 101291

003 - CONTROL NUMBER IDENTIFIER

  • control field: NUST

005 - DATE AND TIME OF LATEST TRANSACTION

  • control field: 20221024170238.0

008 - FIXED-LENGTH DATA ELEMENTS

  • fixed length control field: 221024|| aca||aabn | a|a d

040 ## - CATALOGING SOURCE

  • Original cataloging agency: NUST
  • Transcribing agency: NUST

150 ## - HEADING--TOPICAL TERM

  • Topical term or geographic name entry element: Linguistic String Parser (Computer grammar)

670 ## - SOURCE DATA FOUND

  • Source citation: Work cat.: (NUST)179711: Sager, Naomi. 101289, Natural language information processing :, c1981.
© 2023 Central Library, National University of Sciences and Technology. All Rights Reserved.